000 00770nam a22002537a 4500
001 0011920
003 DO-SdBNP
005 20180212132216.0
007 0011920
008 161207b 1990 cl||||| |||| 00| 0 spa d
020 _a9789580412885
040 _aBPMSU
_bspa
_cBPMSU
082 _axxxxxxxxx
_bxxxxxxxxx
100 1 _aRodríguez, Conxita
245 1 3 _aEl árbol fantástico :
_bla imaginación /
_cConxita Rodríguez ; textos pedagógicos Antoni Amorós
260 _aBHogotá, Colombia :
_bNorma,
_c1990.
300 _a26 p. :
_bil.,
_c22 cm.
490 1 _aLas experiencias del niño
700 1 _aAmorós, Antoni
830 0 _aLas experiencias del niño
942 _2ddc
_cBK
945 _ainventariado, 2018 / dg
956 _aBTAVÁREZ
_b10
_c20161207
_d0011920
999 _c12337
_d12337